Quick Pick: 'V, Y, Z' Countries Quiz Stats

 Plays Quiz Updated Feb 25, 2020

Support Sporcle.
Go Orange.
Score 0/7 Timer 00:30
0 Plays Today
% Correct
Vatican City
97.7%
Vietnam
94.6%
Venezuela
93.1%
Vanuatu
79.6%
Zimbabwe
75.2%
Yemen
69.6%
Zambia
69.1%

Today's Daily Dose

From the Vault

Billboard Songs of the Year

by Booger

Music 10m
Perhaps one day "Sporcle" by Björkle will make this list.
Remove Ads.
Support Sporcle.
Get the best of Sporcle when you Go Orange. This ad-free experience offers more features, more stats, and more fun while also helping to support Sporcle. Thank you for becoming a member.

Show Comments

Extras

Top Quizzes Today


Score Distribution

Your Account Isn't Verified!

In order to create a playlist on Sporcle, you need to verify the email address you used during registration. Go to your Sporcle Settings to finish the process.

Report this User

Report this user for behavior that violates our Community Guidelines.

Details: